000 00489nam a2200133Ia 4500
008 100328s9999 xx 000 0 und d
082 _b43840
100 _aखान अब्दुल हमीद-संपा.
245 _aरवींद्रनाथ टागोर
260 _bराष्ट्रीय चरित्रमाला
630 _aरवींद्रनाथ टागोर
730 _aरवींद्रनाथ टागोर
942 _cBOOK
999 _c532158
_d532155